| 000 | 01094nam a22003137a 4500 | ||
|---|---|---|---|
| 005 | 20110421152937.0 | ||
| 008 | 110421t xxu||||| |||| 00| 0 eng d | ||
| 010 | _aENG-102270 | ||
| 020 |
_a9788184503296 _c2750.00 |
||
| 035 | _aEN-85803 | ||
| 037 | _bDBAD / PUB | ||
| 040 |
_adpl _bEnglish |
||
| 082 | _a620.5 | ||
| 100 |
_927410 _aBhatia, A.S. |
||
| 110 | _927425 | ||
| 245 |
_aNanowires and nanobelts / _cA. S. Bhatia ; foreworded by A. Chawla |
||
| 260 |
_aNew Delhi _bDeep & Deep Publications _c2011 |
||
| 270 |
_aF-159, Rajouri Garden _bNew Delhi _e110027 |
||
| 300 |
_aviii, 590 p. : _c24cm (Hb) _bill. |
||
| 500 | _aIncludes bibliographical references and index | ||
| 650 | _927411 | ||
| 650 | _927412 | ||
| 650 | _927426 | ||
| 700 | _927415 | ||
| 700 | _927420 | ||
| 942 |
_adpl _cEN _2ddc _mBHA _h620.5 |
||
| 999 |
_c51815 _d51815 |
||